000 00844nam a2200241Ia 4500
001 21804
005 20260408080422.0
008 260320s9999||||xx |||||||||||||| ||und||
020 _a9786123331603
041 _aESP
082 _a348.6
_bA11
100 _aAbanto Bromley, Martha,
_eAUT
245 0 _aCálculos laborales :
_bcasos prácticos con asientos contables según PCGE y aplicación de NIIF
250 _aPrimera edición
260 _aLima :
_bGaceta Jurídica,
_c2025
300 _a271 páginas :
_btablas, gráficos ;
_c29 cm.
440 _a(Contadores & Empresas)
650 _aCIS
653 _aDerecho del trabajo; Derecho tributario; Beneficios sociales
654 _aCDE
856 _uhttps://legal-legis-com-pe.ucsp.lookproxy.com/home/Corporativo
_zVéase además: Base de datos Multilegis
942 _cLIB
_dJUS
_fMAT
_2ddc
999 _c21804
_d21804